UM Logo

Ang katangian ng isang master teacher/ (Record no. 14853)

MARC details
000 -LEADER
fixed length control field 00558nam a2200169 4500
008 - FIXED-LENGTH DATA ELEMENTS--GENERAL INFORMATION
fixed length control field 200117b ||||| |||| 00| 0 eng d
022 ## - INTERNATIONAL STANDARD SERIAL NUMBER
International Standard Serial Number 2094-8042
082 ## - DEWEY DECIMAL CLASSIFICATION NUMBER
Classification number DPer 370.105 M72 Jan-Dec 2012 V. 60-61
100 ## - MAIN ENTRY--PERSONAL NAME
9 (RLIN) 41236
Personal name Salapuddin, Milagrosa L.
243 ## - COLLECTIVE UNIFORM TITLE
Unifor title <a href="The modern teacher">The modern teacher</a>
245 ## - TITLE STATEMENT
Title Ang katangian ng isang master teacher/
Statement of responsibility, etc. Milagrosa L. Salapuddin.
260 ## - PUBLICATION, DISTRIBUTION, ETC. (IMPRINT)
Place of publication, distribution, etc. Philippines:
Name of publisher, distributor, etc. In the Grade School, Inc.,
Date of publication, distribution, etc. ©2012.
300 ## - PHYSICAL DESCRIPTION
Extent v61 n5, pages 193;
Dimensions 28 cm.
500 ## - GENERAL NOTE
General note The Modern Teacher.
650 ## - SUBJECT ADDED ENTRY--TOPICAL TERM
Topical term or geographic name as entry element Poem.
9 (RLIN) 16500
942 ## - ADDED ENTRY ELEMENTS (KOHA)
Source of classification or shelving scheme Dewey Decimal Classification
Koha item type Periodicals
Holdings
Withdrawn status Lost status Source of classification or shelving scheme Damaged status Not for loan Home library Current library Date acquired Total Checkouts Full call number Date last seen Price effective from Koha item type Public note
    Dewey Decimal Classification     UM Digos College - LIC UM Digos College - LIC 01/17/2020   DPer 370.105 M72 Jan-Dec 2012 V. 60-61 01/17/2020 01/17/2020 Periodicals Periodical article